000 00552nam a22001697a 4500
003 UA-OsUOA
001 17207
007 ta
008 20040217b un ||||| |||| 00| 0 ukr d
942 _cSA
040 _aUA-OsUOA
_cUA-OsUOA
_dUA-OsUOA
245 _aВ поліськім зелен-краї
_b[Чл. Нац. спілки письмен. України П.Велесику випонилось 60 р.]
300 _aС.18
955 _a0
773 0 _w0
_tВільне слово
_dРівне
_d2004
_g№1/2/1 січ./
650 7 _aВелесик П.
_2UDC
999 _c303375
_d303375